000 00612nam a2200229Ia 4500
003 OSt
005 20220924115358.0
006 a|||||r|||| 00| 0
007 ta
008 220923b |||||||| |||| 00| 0 san d
024 _a247429
037 _cTextual
040 _aARTS
_cARTS
_bsan
041 _2san
_asan
082 _aO15:gx5,1, 152J4
100 _aNagender Ed.
_9178062
245 0 _aKavyalankarsutravarti
260 _aDelhi
_bAtma and Sons India
_c1954
650 _aENGLISH LITERATURE
942 _hO15:gx5,1, 152J4
_cTEXL
_2CC
999 _c398110
_d398110